000 01071nam a2200289 a 4500
003 DO-SdBNP
005 20240419201736.0
007 ta
008 220126e2019 dr ab||fr|||| 001 e spa d
020 _a9789945169508
040 _aDO-SdBNP
_bspa
_cBNPHU
082 4 _222
_bV297t
100 1 _972935
_aVargas García, Tahira
245 1 0 _aTrata interna de mujeres, niñas, niños y adolescentes en República Dominicana /
_cTahira Vargas García, Segundo Maldonado Abreu; Prólogo, Bridge Wooding
260 _aSanto Domingo :
_bOBMICA,
_c2019.
300 _a123 p. :
_bil., gráf. ;
_c25 cm.
504 _aBiografía: p. 117 - 118
590 _aInventariado 2022 / MF
650 0 _a Tráfico de personas
_zRepública Dominicana
_952288
650 4 _943484
_aProstitución
_zRepública Dominicana
650 4 _912372
_aProstitución Infantil
_zRepública Dominicana
700 1 _a Abreu, Segundo Maldonado,
_981022
700 1 _92231
_aWooding, Bridget
_ePról.
710 2 _969072
_aObservatorio Migrantes del Caribe (OBMICA)
910 _aMFeliz
942 _2ddc
_cLBS1
999 _c51234
_d51234